Metodologia, docencia e investigación jurídicas / (Record no. 109295)

MARC details
000 -LEADER
fixed length control field 00684cam a2200217 4500
008 - FIXED-LENGTH DATA ELEMENTS--GENERAL INFORMATION
fixed length control field t19951981mx spa
020 ## - INTERNATIONAL STANDARD BOOK NUMBER
International Standard Book Number 9684329113
050 04 - LIBRARY OF CONGRESS CALL NUMBER
Classification number KGF193
Item number F59 2003
100 1# - MAIN ENTRY--PERSONAL NAME
Personal name Fix-Zamudio, Héctor
245 10 - TITLE STATEMENT
Title Metodologia, docencia e investigación jurídicas /
Statement of responsibility, etc Héctor Fix-Zamudio.
250 ## - EDITION STATEMENT
Edition statement 12a ed.
260 ## - PUBLICATION, DISTRIBUTION, ETC. (IMPRINT)
Place of publication, distribution, etc México :
Name of publisher, distributor, etc Porrua,
Date of publication, distribution, etc 1995
300 ## - PHYSICAL DESCRIPTION
Extent 446 p. ;
Dimensions 23 cm.
490 #0 - SERIES STATEMENT
Series statement Estudios doctrinales ;
Volume number/sequential designation no. 182
650 #7 - SUBJECT ADDED ENTRY--TOPICAL TERM
Topical term or geographic name as entry element Derecho
General subdivision Estudio y Enseñanza
Source of heading or term Lemb
650 #7 - SUBJECT ADDED ENTRY--TOPICAL TERM
Topical term or geographic name as entry element Derecho
General subdivision Metodología
Geographic subdivision México
Source of heading or term lemb.
650 #7 - SUBJECT ADDED ENTRY--TOPICAL TERM
Topical term or geographic name as entry element Investigación jurídica
Geographic subdivision México
Source of heading or term lemb
942 ## - ADDED ENTRY ELEMENTS (KOHA)
Source of classification or shelving scheme Biblioteca del Cogreso de los Estados Unidos
Koha item type Libro
Holdings
Estado de pérdida Fuente de clasificación Estado del daño No para préstamo Ubicación permanente Ubicación actual Apartado o colección Fecha de adquisición Edición Dependencia de educación superior (DES) Área del conocimiento Clasificación Código de Barras Date last seen Número de copia Tipo de recurso
  Biblioteca del Cogreso de los Estados Unidos     Biblioteca del Instituto de Investigaciones Económicas y Empresariales Biblioteca del Instituto de Investigaciones Económicas y Empresariales General 26/11/2015 12a. ed. Ciencias Económico Administrativas Ciencias Sociales y Administrativas KGF193 F59 2004 IIE000003951 26/11/2015 C:1 Libro